000
00318nam a22001457a 4500
008
230124b ||||| |||| 00| 0 eng d
020
_a
9780312590857
041
_a
eng
080
_a
615.83
082
_a
615.83CAM
100
_a
16.2
101
_a
EGZF
245
_a
MEDIA ESSENTIALS
_c
CAMPBELL R
942
_2
udc
_c
BK
999
_c
59271
_d
59271